|
|
|
|
| LEADER |
00000nam a2200000 a 4500 |
| 001 |
UCR8340 |
| 003 |
CL-VaPUC |
| 008 |
980529e19930000CL |||||||||||||||||spa|d |
| 082 |
0 |
4 |
|a 291.38
|b GAL
|2 21
|
| 100 |
|
|
|a Galleguillos Herrera, Miguel Ángel
|e author
|9 409998
|
| 245 |
1 |
3 |
|a El patriarca del canto a lo divino
|
| 300 |
|
|
|a 90 p
|
| 942 |
|
|
|c BK
|
| 945 |
|
|
|d 19980529 00:00:00
|a mvenant
|
| 260 |
|
|
|a Santiago
|b FONDART
|c 1993
|
| 650 |
|
0 |
|a Poesías chilenas
|9 265280
|
| 583 |
|
|
|a last modification
|c 19980529 00:00:00
|k Rodrigo Vera
|
| 999 |
|
|
|c 269772
|d 269770
|
| 952 |
|
|
|0 0
|1 0
|4 0
|6 291_380000000000000_GAL_1993
|7 0
|8 X
|9 303759
|a FDOMLP
|b FDOMLP
|d 2019-11-20
|i 3425746
|o 291.38 GAL 1993
|p 3425746
|r 2019-11-20
|w 2019-11-20
|y BK_X
|k BU2
|